000
00328nam a22001457a 4500
003
OSt
005
20160727222352.0
008
160622b xxu||||| |||| 00| 0 eng d
040
_c
TEST
100
_9
428
_a
Rawls, W,
245
_a
Summer of the Monkeys
260
_a
N.Y
_b
DELL
300
_a
Summer of the Monkeys
942
_2
ddc
_c
BK
999
_c
349
_d
349